00642nam a2200157Ia 4500008004100000041001200041100001700053245009500070260003700165300000800202650001500210700001500225942000700240999001700247952022000264221030s9999 xx 000 0 und d aEnglish aS. K. Sharma 2aA Text Book of Mechanics, Oscillations & Properties of Mattercby S. K. Sharma, S. K. Soni bS. Dinesh & Co.aJalandharc2002 a334 aBB Physics aS. K. Soni cBK c17959d17959 pBB 879g184.00l0eDonated by Dr. Rajinder Sharma ( Asstt. Prof. Phy. Deptt. )r2025-05-17 00:00:00w2022-10-30yBK003Print4070aMIETLIBbMIETLIBcBL-Academic Block B, FL-2, CUP-101, SH-2, R-2d2018-12-1210HBB